Alice's adventures in Wonderland; (Record no. 126926)

MARC details
000 -LEADER
campo de control de longitud fija 02565cam a2200457 a 4500
001 - NÚMERO DE CONTROL
campo de control 13264668
003 - IDENTIFICADOR DE NÚMERO DE CONTROL
campo de control BJBSDDR
005 - FECHA Y HORA DE LA ÚLTIMA TRANSACCIÓN
campo de control 20260424123617.0
006 - CÓDIGOS DE INFORMACIÓN DE LONGITUD FIJA--CARACTERÍSTICAS DEL MATERIAL ADICIONAL
campo de control de longitud fija a|||||r|||| 00| 0
007 - CAMPO FIJO DE DESCRIPCIÓN FÍSICA--INFORMACIÓN GENERAL
campo de control de longitud fija ta
008 - DATOS DE LONGITUD FIJA--INFORMACIÓN GENERAL
campo de control de longitud fija 260424s1993 nyu b 000 0 eng eng
010 ## - NÚMERO DE CONTROL DE LA BIBLIOTECA DEL CONGRESO
Número de control de LC 2003109508
020 ## - NÚMERO INTERNACIONAL ESTÁNDAR DEL LIBRO
Número Internacional Estándar del Libro 9781853261183
020 ## - NÚMERO INTERNACIONAL ESTÁNDAR DEL LIBRO
Número Internacional Estándar del Libro 1853261181
035 ## - NÚMERO DE CONTROL DEL SISTEMA
Número de control de sistema (DLC) 2003109508
040 ## - FUENTE DE CATALOGACIÓN
Centro catalogador/agencia de origen DLC
Centro/agencia transcriptor DLC
Centro/agencia modificador DLC
Lengua de catalogación eng
041 ## - CÓDIGO DE IDIOMA
Código de lengua del texto/banda sonora o título independiente eng
050 14 - SIGNATURA TOPOGRÁFICA DE LA BIBLIOTECA DEL CONGRESO
Número de ítem C319a 1993
082 00 - NÚMERO DE LA CLASIFICACIÓN DECIMAL DEWEY
Número de clasificación 823/.8
100 1# - ENTRADA PRINCIPAL--NOMBRE DE PERSONA
Nombre de persona Carroll, Lewis,
Fechas asociadas al nombre 1832-1898
9 (RLIN) 26670
245 10 - MENCIÓN DEL TÍTULO
Título Alice's adventures in Wonderland;
Resto del título and Through the looking glass /
Mención de responsabilidad, etc. Lewis Carroll ; illustrations by John Tenniel.
260 ## - PUBLICACIÓN, DISTRIBUCIÓN, ETC.
Lugar de publicación, distribución, etc. Hertfordshire :
Nombre del editor, distribuidor, etc. Wordsworth,
Fecha de publicación, distribución, etc. c1993.
300 ## - DESCRIPCIÓN FÍSICA
Extensión 263 pages :
Otras características físicas illustrations ;
Dimensiones 20 cm.
440 0# - MENCIÓN DE SERIE/PUNTO DE ACCESO ADICIONAL--TÍTULO
Título Wordsworth classics
9 (RLIN) 29994
504 ## - NOTA DE BIBLIOGRAFÍA, ETC.
Nota de bibliografía, etc. Includes bibliographical references (p. xxxiii).
520 ## - RESUMEN, ETC.
Sumario, etc. When Alice tumbles down, down, down a rabbit-hole one hot summer's afternoon in pursuit of a White Rabbit, she finds herself in Wonderland. And there begin the fantastical adventures that will see her experiencing extraordinary changes in size, swimming in a pool of her own tears and attending the very maddest of tea parties. For Wonderland is no ordinary place and the characters that populate it are quite unlike anybody young Alice has ever met before. In this imaginary land she encounters the savagely violent Queen, the Lachrymose Mock Turtle, the laconic Cheshire Cat, and the hookah-smoking Caterpillar, each as surprising and outlandish as the next. Alice's adventures have made her the stuff of legend, the child heroine par excellence, and ensured that Carroll's book is the best loved and most widely read in children's literature.
600 00 - PUNTO DE ACCESO ADICIONAL DE MATERIA--NOMBRE DE PERSONA
Nombre de persona Alice
Títulos y otros términos asociados al nombre (Fictitious character from Carroll)
Subdivisión de forma Fiction.
650 #0 - PUNTO DE ACCESO ADICIONAL DE MATERIA--TÉRMINO DE MATERIA
Término de materia o nombre geográfico como elemento de entrada Fantasy fiction, English.
650 #4 - PUNTO DE ACCESO ADICIONAL DE MATERIA--TÉRMINO DE MATERIA
Término de materia o nombre geográfico como elemento de entrada Cuentos infantiles ingleses
9 (RLIN) 31897
650 #4 - PUNTO DE ACCESO ADICIONAL DE MATERIA--TÉRMINO DE MATERIA
Término de materia o nombre geográfico como elemento de entrada Novela de aventuras
9 (RLIN) 24918
650 #4 - PUNTO DE ACCESO ADICIONAL DE MATERIA--TÉRMINO DE MATERIA
Término de materia o nombre geográfico como elemento de entrada Literatura infantil inglesa
9 (RLIN) 31898
700 1# - ENTRADA AGREGADA--NOMBRE PERSONAL
Nombre de persona Tenniel, John,
Fechas asociadas al nombre 1820-1914
9 (RLIN) 48131
730 02 - ASIENTO SECUNDARIO--TITULO UNIFORME
Título uniforme Through the looking-glass.
856 42 - LOCALIZACIÓN Y ACCESO ELECTRÓNICOS
Materiales especificados Publisher description
Identificador Uniforme de Recursos <a href="http://www.loc.gov/catdir/description/ste051/2003109508.html">http://www.loc.gov/catdir/description/ste051/2003109508.html</a>
856 42 - LOCALIZACIÓN Y ACCESO ELECTRÓNICOS
Materiales especificados Contributor biographical information
Identificador Uniforme de Recursos <a href="http://www.loc.gov/catdir/enhancements/fy0711/2003109508-b.html">http://www.loc.gov/catdir/enhancements/fy0711/2003109508-b.html</a>
856 41 - LOCALIZACIÓN Y ACCESO ELECTRÓNICOS
Materiales especificados Sample text
Identificador Uniforme de Recursos <a href="http://www.loc.gov/catdir/enhancements/fy0711/2003109508-s.html">http://www.loc.gov/catdir/enhancements/fy0711/2003109508-s.html</a>
906 ## - ELEMENTOS DE DATOS F LOCAL, LDF (RLIN)
a 7
b cbc
c orignew
d 2
e epcn
f 20
g y-gencatlg
942 ## - ELEMENTOS DE ENTRADA SECUNDARIOS (KOHA)
Fuente del sistema de clasificación o colocación Clasificación de Library of Congress
Tipo de ítem Koha Libro
946 ## - PROCESAMIENTO DE INFORMACIÓN LOCAL (OCLC)
Iniciales del agente catalogador rmza
Holdings
Estatus retirado Estado de pérdida Fuente del sistema de clasificación o colocación Estado de daño No para préstamo Colección Biblioteca de origen Biblioteca actual Ubicación en estantería Fecha de adquisición Signatura topográfica completa Código de barras Visto por última vez Copia número Tipo de ítem Koha
    Clasificación de Library of Congress     Automatización y Procesos Técnicos Biblioteca Juan Bosch Biblioteca Juan Bosch Automatización y Procesos Técnicos (1er. Piso) 24/04/2026 C319a 1993 00000183849 24/04/2026 1 Libro